| 000 | 00565nam a2200181Ia 4500 | ||
|---|---|---|---|
| 008 | 090124s9999 xx 000 0 und d | ||
| 082 | _b41922 | ||
| 100 | _aखरे रामदास | ||
| 245 | _a जीर्ण देव्हारा | ||
| 250 | _a0 | ||
| 260 |
_bस्वरंग निर्मिती _c2004 |
||
| 300 | _a70 | ||
| 600 | _aखरे रामदास | ||
| 630 | _a जीर्ण देव्हारा | ||
| 700 | _aखरे रामदास | ||
| 730 | _a जीर्ण देव्हारा | ||
| 942 | _cBOOK | ||
| 999 |
_c108121 _d108121 |
||